From idea to essay : A rhetoric, reader, and handbook
One of the most successful all-inclusive rhetorics on the market, this classic distinguishes itself with a story, poem, and photo writing assignment in each modes chapter. This systematic rhetoric/reader/handbook carefully leads the student through the process of essay writing. It provides numerous...
Na minha lista:
| Autor principal: | |
|---|---|
| Formato: | Livro |
| Idioma: | Undetermined |
| Publicado em: |
New York
Pearson
2006
|
| Assuntos: | |
| Tags: |
Adicionar Tag
Sem tags, seja o primeiro a adicionar uma tag!
|
| Thư viện lưu trữ: | Trung tâm Học liệu Trường Đại học Cần Thơ |
|---|
| LEADER | 01437nam a2200229Ia 4500 | ||
|---|---|---|---|
| 001 | CTU_100825 | ||
| 008 | 210402s9999 xx 000 0 und d | ||
| 020 | |c 1037000 | ||
| 082 | |a 808.0427 | ||
| 082 | |b C965 | ||
| 100 | |a McCuen, Jo Ray | ||
| 245 | 0 | |a From idea to essay : | |
| 245 | 2 | |b A rhetoric, reader, and handbook | |
| 245 | 0 | |c Jo Ray McCuen, Anthony Winkler | |
| 260 | |a New York | ||
| 260 | |b Pearson | ||
| 260 | |c 2006 | ||
| 520 | |a One of the most successful all-inclusive rhetorics on the market, this classic distinguishes itself with a story, poem, and photo writing assignment in each modes chapter. This systematic rhetoric/reader/handbook carefully leads the student through the process of essay writing. It provides numerous sample readings--imaginative literature as well as the essay--and specific guidelines on how to approach each rhetorical mode, writing assignments, and both student and professional models of completed assignments. In addition to covering nine rhetorical modes, the text includes a complete unit on the research paper and a comprehensive handbook section. Prereading, prewriting, and writing exercises throughout offer guidance in the fundamentals of reading and writing. | ||
| 650 | |a Rnglish language,English language,College readers,Report writing | ||
| 650 | |x Rhetoric,Grammar,Handbooks, manuals, etc | ||
| 904 | |i Giang | ||
| 980 | |a Trung tâm Học liệu Trường Đại học Cần Thơ | ||